| 000 | 01566nac a22004457a 4500 | ||
|---|---|---|---|
| 001 | BR2012005315 | ||
| 003 | BR-BrBNA | ||
| 005 | 20240105123943.0 | ||
| 008 | 230509b bl.|||m| |||| 00| 0 por d | ||
| 040 |
_aBR-BrBNA _bpor _cBiblioteca Nacional de Agricultura |
||
| 072 | _aF30; F01 | ||
| 090 | _a2120 BR2012005315 | ||
| 100 | 1 | _aFerrão, R.G. | |
| 100 | 1 | _aFonseca, A.F.A. da | |
| 100 | 1 | _aFerrão, M.A.G. | |
| 100 | 1 | _aVerdin Filho, A.C. | |
| 100 | 1 | _aVolpi, P.S. | |
| 100 | 1 | _aDE Muner, L.H. | |
| 100 | 1 | _aLani, J.A. | |
| 100 | 1 | _aPrezotti, L.C. | |
| 100 | 1 | _aVentura, J.A. | |
| 100 | 1 | _aMartins, D. dos S. | |
| 100 | 1 | _aMauri, A.L. | |
| 100 | 1 | _aMarques, E.M.G. | |
| 100 | 1 | _aZucateli, F. | |
| 110 | 1 | _aInstituto Capixaba de Pesquisa, Assistência Técnica e Extensão Rural, Vitória, ES (Brasil) | |
| 245 | 1 | _aCafé Conilon: técnicas de produção com variedades melhoradas; Café Conilon: técnicas de producción con variedades mejoradas; Conilon Coffee: production techniques with improved varieties | |
| 250 | 1 | _a4. ed. | |
| 260 | 3 |
_aVitória, ES (Brasil): _c2012. |
|
| 300 | _a74 p. | ||
| 490 |
_aCircular Técnica - Instituto Capixaba de Pesquisa, Assistência Técnica e Extensão Rural (Brazil) _vno. 3 _xISSN 1519-0528 |
||
| 500 | _a27 illus.; Bibliography p. 66-73 | ||
| 650 | _aCAFÉ | ||
| 650 | _aCOFFEA CANEPHORA | ||
| 650 | _aMELHORAMENTO GENÉTICO VEGETAL | ||
| 650 | _aPRODUÇÃO VEGETAL | ||
| 650 | _aPRÁTICA CULTURAL | ||
| 909 |
_a202312 _bLúcia Elande _c55 _dLúcia Elande |
||
| 942 |
_2AGRIS _n0 _cMS |
||
| 999 |
_c297705 _d297705 |
||